Library Logo

Pioneer International University Library Catalogue

Commercial law simplified; (Record no. 6152)

MARC details
000 -LEADER
fixed length control field 00559cam a22001451 4500
005 - DATE AND TIME OF LATEST TRANSACTION
control field 20250901165558.0
008 - FIXED-LENGTH DATA ELEMENTS--GENERAL INFORMATION
fixed length control field 780915s1909 xx 000 0 eng
010 ## - LIBRARY OF CONGRESS CONTROL NUMBER
LC control number 09014842
050 00 - LIBRARY OF CONGRESS CALL NUMBER
Classification number KD495 .K46 2019
Item number .K46 2019
100 1# - MAIN ENTRY--PERSONAL NAME
Personal name Simons, Charles C ,
Dates associated with a name 1876-
245 10 - TITLE STATEMENT
Title Commercial law simplified;
Remainder of title being a simple and concise presentation of the subject of commercial law, in question and answer form,
Statement of responsibility, etc. by Charles C. Simons.
260 ## - PUBLICATION, DISTRIBUTION, ETC.
Place of publication, distribution, etc. Detroit,
Name of publisher, distributor, etc. The Business Man's Publishing Company, ltd.
Date of publication, distribution, etc. [1909]
300 ## - PHYSICAL DESCRIPTION
Extent xii, 510 p.
Dimensions 24 cm.
942 ## - ADDED ENTRY ELEMENTS (KOHA)
Source of classification or shelving scheme Dewey Decimal Classification
Holdings
Withdrawn status Lost status Source of classification or shelving scheme Damaged status Not for loan Home library Current library Shelving location Date acquired Total checkouts Full call number Barcode Date last seen Price effective from Koha item type
    Library of Congress Classification     Main Library Main Library   10/26/2023   KD495 .K46 2019 PIU0001524B 10/26/2023 10/26/2023 Books